000 00253nam a2200097Ia 4500
001 683253
005 20250826161434.0
008 250824s9999 xx 000 0 und d
245 0 _aDANİŞ BİR CENNET DELİSİ
_cERCAN HARMANCI
260 _bTİMAŞ YAYINLARI
999 _c683253
_d683253